The recording studio handbook / (Record no. 183314)
[ view plain ]
| 000 -LEADER | |
|---|---|
| fixed length control field | 00972 a2200217 4500 |
| 003 - CONTROL NUMBER IDENTIFIER | |
| control field | Nust |
| 005 - DATE AND TIME OF LATEST TRANSACTION | |
| control field | 20230315132650.0 |
| 010 ## - LIBRARY OF CONGRESS CONTROL NUMBER | |
| LC control number | 76006250 |
| 020 ## - INTERNATIONAL STANDARD BOOK NUMBER | |
| International Standard Book Number | 0914130013 : |
| 040 ## - CATALOGING SOURCE | |
| Transcribing agency | Nust |
| 082 00 - DEWEY DECIMAL CLASSIFICATION NUMBER | |
| Classification number | 621.38932,WOR |
| 100 1# - MAIN ENTRY--PERSONAL NAME | |
| Personal name | Woram, John M. |
| 9 (RLIN) | 110322 |
| 245 14 - TITLE STATEMENT | |
| Title | The recording studio handbook / |
| Statement of responsibility, etc. | John M. Woram ; with an introd. by Norman H. Crowhurst. |
| 250 ## - EDITION STATEMENT | |
| Edition statement | 1st ed. |
| 260 ## - PUBLICATION, DISTRIBUTION, ETC. | |
| Place of publication, distribution, etc. | New York |
| Name of publisher, distributor, etc. | ELAR Publishing co |
| Date of publication, distribution, etc. | 1982. |
| 300 ## - PHYSICAL DESCRIPTION | |
| Extent | 526p |
| Other physical details | ill. ; |
| Dimensions | 24 cm. |
| 505 ## - FORMATTED CONTENTS NOTE | |
| Formatted contents note | Section.1 The Basics (Page-27), Section.2 Transducers: Microphones and Loudspeakers (Page-71), Section.3 Signal Processing Devices (Page-189), Section.4 Magnetic Recording (Page-245), Section.5 Noise and Noise Reduction (Page-309), Section.6 Recording Consoles (Page-339), Section.7 Recording Techniques (Page-369). |
| 650 #0 - SUBJECT ADDED ENTRY--TOPICAL TERM | |
| Topical term or geographic name entry element | Sound studios |
| General subdivision | Handbooks, manuals, etc. |
| 9 (RLIN) | 110323 |
| 650 #0 - SUBJECT ADDED ENTRY--TOPICAL TERM | |
| Topical term or geographic name entry element | Sound |
| General subdivision | Recording and reproducing |
| -- | Handbooks, manuals, etc. |
| 9 (RLIN) | 110324 |
| 942 ## - ADDED ENTRY ELEMENTS (KOHA) | |
| Source of classification or shelving scheme | |
| Koha item type | Book |
| Withdrawn status | Lost status | Source of classification or shelving scheme | Damaged status | Not for loan | Permanent Location | Current Location | Shelving location | Date acquired | Full call number | Barcode | Date last seen | Price effective from | Koha item type | Public note |
|---|---|---|---|---|---|---|---|---|---|---|---|---|---|---|
| Military College of Signals (MCS) | Military College of Signals (MCS) | General Stacks | 12/12/2016 | 621.38932,WOR | MCS6515 | 12/08/2016 | 12/12/2016 | Book | Almirah No.74, Shelf No.4 |
